Designing and implementing local area networks
Gespeichert in:
| 1. Verfasser: | |
|---|---|
| Format: | Buch |
| Sprache: | Undetermined |
| Veröffentlicht: |
New York
McGraw-Hill Book Company
1984
|
| Schlagworte: | |
| Tags: |
Tag hinzufügen
Keine Tags, Fügen Sie den ersten Tag hinzu!
|
| Thư viện lưu trữ: | Trung tâm Học liệu Trường Đại học Cần Thơ |
|---|
| LEADER | 00583nam a2200193Ia 4500 | ||
|---|---|---|---|
| 001 | CTU_84057 | ||
| 008 | 210402s9999 xx 000 0 und d | ||
| 082 | |a 001.64 | ||
| 082 | |b C551 | ||
| 100 | |a Chorafas, Dimitris N. | ||
| 245 | 0 | |a Designing and implementing local area networks | |
| 245 | 0 | |c Dimitris N. Chorafas | |
| 260 | |a New York | ||
| 260 | |b McGraw-Hill Book Company | ||
| 260 | |c 1984 | ||
| 650 | |a Computer network,Electronic data processing | ||
| 650 | |x Distributed processing | ||
| 904 | |i QHieu(sửa) | ||
| 980 | |a Trung tâm Học liệu Trường Đại học Cần Thơ | ||